000 00698nam a2200253Ia 4500
003 OSt
005 20251106123003.0
008 210210b2007 xxu||||| |||| 00| 0 eng d
040 _cAL
041 _aKannada
082 _a001.54K VASK
100 _aVASANTA KUMAR
_9100699
_dವಸಂತ ಕುಮಾರ್
245 _aKriyatmaka kannada
_bಕ್ರಿಯಾತ್ಮಕ ಕನ್ನಡ
260 _aParkala
_bNot Mentioned
_c2007
300 _a335
650 _aSamuhasamvahana
_9100700
650 _aPrachara
_9100701
650 _aPatrika
_9100702
650 _aPatra
_9100703
650 _aMadhyama
_9100704
690 _aCommunication
_9100705
906 _a062093
942 _2ddc
_cBK
999 _c116762
_d116762